Lippincott's review series : (Record no. 7300)

MARC details
000 -LEADER
fixed length control field 00563nam a22001817a 4500
003 - CONTROL NUMBER IDENTIFIER
control field OSt
005 - DATE AND TIME OF LATEST TRANSACTION
control field 20260112075509.0
008 - FIXED-LENGTH DATA ELEMENTS--GENERAL INFORMATION
fixed length control field 260112b |||||||| |||| 00| 0 eng d
020 ## - INTERNATIONAL STANDARD BOOK NUMBER
International Standard Book Number 0-397-55327-7L.
040 ## - CATALOGING SOURCE
Original cataloging agency DWCL-Main lib.
Transcribing agency OC
082 ## - DEWEY DECIMAL CLASSIFICATION NUMBER
Classification number Circ. 615.1 P494l 1998
100 ## - MAIN ENTRY--PERSONAL NAME
Personal name Paradiso, Catherine
245 ## - TITLE STATEMENT
Title Lippincott's review series :
Remainder of title pharmacology/
Statement of responsibility, etc. Catherine Paradiso
260 ## - PUBLICATION, DISTRIBUTION, ETC.
Place of publication, distribution, etc. Philadelphia :
Name of publisher, distributor, etc. Lippincott Williams & Wilkins,
Date of publication, distribution, etc. c1998.
300 ## - PHYSICAL DESCRIPTION
Extent xvii, 636 p. ;
Dimensions 22 cm
650 ## - SUBJECT ADDED ENTRY--TOPICAL TERM
Topical term or geographic name entry element Pharmacology.
942 ## - ADDED ENTRY ELEMENTS (KOHA)
Source of classification or shelving scheme Dewey Decimal Classification
Koha item type Book Circulation
Classification part Circ.
Suppress in OPAC No
952 ## - LOCATION AND ITEM INFORMATION (KOHA)
--
952 ## - LOCATION AND ITEM INFORMATION (KOHA)
--
952 ## - LOCATION AND ITEM INFORMATION (KOHA)
--
Holdings
Withdrawn status Lost status Source of classification or shelving scheme Damaged status Not for loan Home library Current library Shelving location Date acquired Cost, normal purchase price Total Checkouts Full call number Barcode Date last seen Copy number Price effective from Koha item type Uniform Resource Identifier
    Dewey Decimal Classification     College Library HM & Nursing Library Circulation 08/13/2004 0.00   Circ. 615.1 P494l 1998 CL40889 01/12/2026 c1 01/12/2026 BK-CIRC
    Dewey Decimal Classification     College Library HM & Nursing Library Circulation 08/13/2004 0.00   Circ. 615.1 P494l 1998 CL40888 01/12/2026 c2 01/12/2026 BK-CIRC
    Dewey Decimal Classification     College Library HM & Nursing Library Circulation 08/13/2004 0.00   Circ. 615.1 P494l 1998 CL40887 01/12/2026 c3 01/12/2026 BK-CIRC